Boromir's Walk into Mordor Speech Quiz Stats

 Plays Quiz Updated Dec 13, 2014

Also try: LOTR Prologue
Challenge
Share
Tweet
Embed
Score 0/64 Timer 06:00
2 Plays Today
% Correct
Mordor.
94%
walk
92.4%
into
92%
not
91.6%
not
91.6%
Not
91.6%
One
90.2%
does
88.1%
does
88.1%
simply
87.8%
The
86.5%
The
86.5%
a
86.1%
a
86.1%
do
85.9%
is
75.1%
is
75.1%
is
75.1%
is
75.1%
is
75.1%
It
69.4%
It
69.4%
you
65.8%
you
65.8%
Eye
56.9%
Orcs.
56.5%
There
55.4%
there
55.4%
are
55%
and
53.6%
and
53.6%
that
53.5%
% Correct
men
51.3%
this.
49.7%
with
49.4%
with
49.4%
evil
49.3%
black
48.8%
sleep.
46.7%
could
45.8%
thousand
44.2%
Great
44.1%
ever
44.1%
gates
43.7%
by
42.5%
ten
41.7%
Its
41.4%
folly.
40.5%
just
39.1%
guarded
38.6%
than
36.7%
more
36.3%
fire
35.7%
watchful.
35%
air
33.4%
very
32.7%
breathe
31.2%
poisonous
28.4%
fume.
27%
wasteland,
26.5%
ash
26.5%
barren
25.4%
dust.
19.5%
riddled
15.6%

You're not logged in!

Compare scores with friends on all Sporcle quizzes.
OR
Log In

You Might Also Like...

Show Comments

Extras

Top Quizzes Today


Score Distribution

Your Account Isn't Verified!

In order to create a playlist on Sporcle, you need to verify the email address you used during registration. Go to your Sporcle Settings to finish the process.

Report this User

Report this user for behavior that violates our Community Guidelines.

Details: